Padrón Mazarambroz (Record no. 175986)

MARC details
000 -LEADER
campo de control de longitud fija 00738nam a22002055i 4500
001 - NÚMERO DE CONTROL
campo de control 175986
003 - IDENTIFICADOR DE NÚMERO DE CONTROL
campo de control ES-MaACL
005 - FECHA Y HORA DE LA ÚLTIMA TRANSACCIÓN
campo de control 20230906215946.0
008 - DATOS DE LONGITUD FIJA--INFORMACIÓN GENERAL
campo de control de longitud fija 101203s2009 sp |||| | spa d
080 ## - NÚMERO DE LA CLASIFICACIÓN DECIMAL UNIVERSAL
Número de la Clasificación Decimal Universal 314.9(460.285 Mazarambroz)"1808"
245 00 - MENCIÓN DEL TÍTULO
Título Padrón Mazarambroz
Resto del título : año de 1808.
260 ## - PUBLICACIÓN, DISTRIBUCIÓN, ETC.
Lugar de publicación, distribución, etc. Mazarambroz (Toledo) :
Nombre del editor, distribuidor, etc. Ayuntamiento de Mazarambroz,
Fecha de publicación, distribución, etc. D. L. 2009.
300 ## - DESCRIPCIÓN FÍSICA
Extensión 28 p. ;
Dimensiones 21 cm.
490 1# - MENCIÓN DE SERIE
Mención de serie Ayuntamiento de Mazarambroz ;
Designación de volumen o secuencia 3
651 #4 - PUNTO DE ACCESO ADICIONAL DE MATERIA--NOMBRE GEOGRÁFICO
Nombre geográfico Mazarambroz (Toledo)-
Subdivisión general Censos.
9 (RLIN) 144189
710 1# - ENTRADA AGREGADA--NOMBRE DE ENTIDAD CORPORATIVA
Nombre de entidad corporativa o nombre de jurisdicción como elemento de entrada Mazarambroz (Toledo).
Unidad subordinada Ayuntamiento.
9 (RLIN) 144187
830 0# - PUNTO DE ACCESO ADICIONAL DE SERIE-TÍTULO UNIFORME
Título uniforme Ayuntamiento de Mazarambroz ;
Designación de volumen o secuencia 3
9 (RLIN) 189884
852 ## - LOCALIZACIÓN
Ubicación ES-MaACL
Número de control de estantería 2272-F-8
Nota libre .- Dedicatoria de Isabel Sánchez-Palencia Mancebo
Holdings
Estatus retirado Estado de pérdida Estado de daño No para préstamo Colección Biblioteca de origen Biblioteca actual Ubicación en estantería Fecha de adquisición Fuente de adquisición Total de préstamos Signatura topográfica completa Código de barras Visto por última vez Precio de reemplazo Tipo de ítem Koha
        Colección de folletos Biblioteca del Ateneo de Madrid Biblioteca del Ateneo de Madrid Depósito folletos 03/12/2010     2272-F-8 1184813 23/02/2023 23/02/2023 Folleto